| 000 | 00552nam a2200217Ia 4500 | ||
|---|---|---|---|
| 001 | 960 | ||
| 003 | GE_BSU | ||
| 008 | 181216s||||||||xx |||||||||||||| ||und|| | ||
| 020 | _a9785690181599 | ||
| 040 | _cGE_BSU | ||
| 080 | _a94(470)(47+57) | ||
| 245 | _aИстория России. XX-до начала XXI века. | ||
| 245 | _cПод ред. Милова.Л.В.и др. | ||
| 260 | _aМосква | ||
| 260 | _bЭксмо | ||
| 260 | _c2009 | ||
| 300 | _a960 с. | ||
| 541 | _h20 л. | ||
| 653 | _aИстория Росии. | ||
| 942 | _cBK | ||
| 999 |
_c35119 _d35119 |
||